LEADER 01232nam a2200289 a 4500 001 000000122602 003 CaOOAMICUS 005 20100726141910.0 008 100726t2010 it u000 u ita r 020 $a978-88-207-4917-0 040 $aPUL$bita$dReb 100 1 $aSergi, Giuseppe,$d1841-1936.$0(OLS)http://pul/name/5980 245 10$aAntidoti all'abuso della storia :$bMedioevo, medievisti, smentite /$cGiuseppe Sergi. 260 $aNapoli :$bLiguori,$c©2010. 300 $ax, 420 p. ;$c24 cm. 490 1 $aBiblioteca 490 1 $aNuovo Medioevo ;$v82 504 $aBibliografia p. [377]-417. 650 4$aStoriografia$yEvo medio.$0(OLS)http://pul/subject/13126 830 0$aNuovo Medioevo ;$v82.$0(OLS)http://pul/title/338 830 0$aBiblioteca (Liguori editore).$0(OLS)http://pul/title/39222 850 $aPUL 852 $aPUL$W1$xSL Filosofia 1$y2$m110(1) E 82$j140811$qStampati$B139895$CPULBib$Z2$F139895 $H114482 $82 941 1 $a8 996 $6020$a978-88-207-4917-0$9(OLS)http://pul/number/145017 996 $6245$aAntidoti all'abuso della storia :$bMedioevo, medievisti, smentite$9(OLS)http://pul/title/154503 996 $6260$aNapoli :$bLiguori$9(OLS)http://pul/publisher/48007 LEADER 01033nam a2200253 u 4500 001 000000085090 003 CaOOAMICUS 005 20070226124141.0 008 050727s1900 it u000 u ita u 035 $a11055515 040 $aPUL(R)$bita 100 1 $aDelfino, Giuseppe,$csac.$0(OLS)http://pul/name/55944 245 10$aA Gesł nazareno in sull'aurora del secolo XX :$bomaggio /$cdiscorso del prof. Giuseppe M.a Delfino. 260 $aSiena :$bTip. Edit. S. Bernardino,$c1900. 300 $a78 p. ;$c17 cm 600 04$aIesus Christus.$0(OLS)http://pul/subject/207 850 $aPUL 852 $aPUL$W1$xDP1 Fondo Cecchetti$y53$m276 F 36$j108160$nBK-PRI$b $qFondi$B108160$CPULBib$Z2$F108160 $HPUL7855 $81 941 1 $a1 960 $aCristologia$9207 960 $aCristologia$9207 960 $aGesł Cristo$9207 996 $6245$aA Gesł nazareno in sull'aurora del secolo XX :$bomaggio$9(OLS)http://pul/title/110499 996 $6260$aSiena :$bTip. Edit. S. Bernardino$9(OLS)http://pul/publisher/63525